| 000 | 00367nam a2200145Ia 4500 | ||
|---|---|---|---|
| 008 | 191201s2009 xx 000 0 und d | ||
| 082 |
_a658.52 _bSHL |
||
| 100 | _aSHRIDHARABHAT, K | ||
| 245 | 0 | _aLogistics and Supply Chain Management | |
| 250 | _aRev 2nd | ||
| 260 |
_aN.Delhi _bHimalaya Publication House _c2009 |
||
| 300 | _a464 | ||
| 650 | _aMBA | ||
| 942 |
_2ddc _cBK |
||
| 999 |
_c4328 _d4328 |
||